Statistics for Twosday Trivia

Click here to take the quiz!

General Stats

  • This quiz has been taken 11 times
  • The average score is 3 of 8

Answer Stats

HintAnswer% Correct
The second letter of the Greek alphabetBeta
100%
The zodiac sign on February 22nd of each yearPisces
45%
The artist of the famous 2013 hit song "22"Taylor Swift
45%
The second smallest country in the worldMonaco
36%
The only president of the U.S to serve 2 nonconsecutive terms who was also the 22nd president.Grover Cleveland
27%
Where the Summer Olympics were held in 1922Paris
18%
Second state to ratify the ConstitutionPennsylvania
18%
This biblical narrative has only 2 wordsBook of Jonah
0%

Score Distribution

Percentile by Number Answered

Percent of People with Each Score

Your Score History

You have not taken this quiz